Vice-Campeões da CONMEBOL Libertadores - Statistics

Estatísticas Gerais
  • Esse quiz foi jogado 282 vezes
  • A pontuação média é 54 de 60
Estatísticas das Respostas
Ano Cidade, País Clube % Correto
1974 São Paulo, Brasil São Paulo
100%
1994 São Paulo, Brasil São Paulo
100%
2006 Sâo Paulo, Brasil São Paulo
100%
1963 Buenos Aires, Argentina Boca Juniors
99%
1979 Buenos Aires, Argentina Boca Juniors
99%
2004 Buenos Aires, Argentina Boca Juniors
99%
2012 Buenos Aires, Argentina Boca Juniors
99%
2018 Buenos Aires, Argentina Boca Juniors
99%
1984 Porto Alegre, Brasil Grêmio
99%
2007 Porto Alegre, Brasil Grêmio
99%
1961 São Paulo, Brasil Palmeiras
99%
1968 São Paulo, Brasil Palmeiras
99%
2000 São Paulo, Brasil Palmeiras
99%
1962 Montevidéu, Uruguai Peñarol
99%
1965 Montevidéu, Uruguai Peñarol
99%
1970 Montevidéu, Uruguai Peñarol
99%
1983 Montevidéu, Uruguai Peñarol
99%
2011 Montevidéu, Uruguai Peñarol
99%
2003 Santos, Brasil Santos
99%
1977 Belo Horizonte, Brasil Cruzeiro
98%
2009 Belo Horizonte, Brasil Cruzeiro
98%
1964 Montevidéu, Uruguai Nacional
98%
1967 Montevidéu, Uruguai Nacional
98%
1969 Montevidéu, Uruguai Nacional
98%
2014 Assunção, Paraguai Nacional
98%
1966 Buenos Aires, Argentina River Plate
98%
1976 Buenos Aires, Argentina River Plate
98%
2019 Buenos Aires, Argentina River Plate
98%
1960 Assunção, Paraguai Olimpia
96%
1989 Assunção, Paraguai Olimpia
96%
1991 Assunção, Paraguai Olimpia
96%
2013 Assunção, Paraguai Olímpia
96%
2002 São Caetano do Sul, Brasil São Caetano
96%
2008 Rio de Janeiro, Brasil Fluminense
95%
1980 Porto Alegre, Brasil Internacional
95%
2005 Curitiba, Brasil Athlético Paranaense
94%
1985 Cali, Colômbia América de Cali
92%
1986 Cali, Colômbia América de Cali
92%
1987 Cali, Colômbia América de Cali
92%
1996 Cali, Colômbia América de Cali
92%
1990 Guayaquil, Equador Barcelona
92%
1998 Guayaquil, Equador Barcelona
92%
2017 Lanús, Argentina Lanús
92%
1971 La Plata, Argentina Estudiantes
89%
1973 Santiago, Chile Colo-Colo
87%
2010 Guadalajara, México Chivas Guadalajara
82%
2015 San Nicolás de los Garza, México Tigres
82%
1995 Medellín, Colômbia Atlético Nacional
81%
1993 Santiago, Chile Universidad Católica
78%
2016 Sangolquí, Equador Independiente del Valle
77%
1978 Cali, Colômbia Deportivo Cali
76%
1999 Cali, Colômbia Deportivo Cali
76%
1981 Calama, Chile Cobreloa
73%
1982 Calama, Chile Cobreloa
73%
1972 Lima, Peru Universitario
65%
1988 Rosário, Argentina Newell's Old Boys
63%
1992 Rosário, Argentina Newell's Old Boys
63%
1997 Lima, Peru Sporting Cristal
61%
2001 Cidade do México, México Cruz Azul
59%
1975 Santiago, Chile Union Española
36%
Nenhum quiz correspondente encontrado
Distribuição das Pontuações
Porcentagem de Pessoas com Cada Pontuação
Percentil de Números Respondidos
Sua Pontuação Histórica
Você não jogou esse quiz